An Investigation into Simile in Idioms a Contrastive Analysis Between English and Vietnamese /

Introduction; Literature review and theoretical background; Method and procedure; Linguistic and cultural features of similes in English and Vietnamese idioms; Conclusion and implications.

Gorde:
Xehetasun bibliografikoak
Egile nagusia: Nguyễn Thị Lệ Thu
Beste egile batzuk: Dinh Thi Minh Hien Ph.D huong dan
Formatua: Luận văn
Hizkuntza:English
Argitaratua: 2004.
Gaiak:
Etiketak: Etiketa erantsi
Etiketarik gabe, Izan zaitez lehena erregistro honi etiketa jartzen!
Thư viện lưu trữ: Mạng thư viện Đại học Đà Nẵng
LEADER 01503na a2200361 4500
001 000030830
003 4661
005 20230306091331.0
008 151001s2004 000 eng
040 |a LNN 
041 |a eng 
082 |a 420.4  |b NG-T 
100 |a Nguyễn Thị Lệ Thu 
245 3 |a An Investigation into Simile in Idioms a Contrastive Analysis Between English and Vietnamese /  |c Nguyễn Thị Lệ Thu. 
260 |c 2004. 
300 |a 62tr. : mh ; 30cm. 
502 |a M.A. Thesis 
520 |a Introduction; Literature review and theoretical background; Method and procedure; Linguistic and cultural features of similes in English and Vietnamese idioms; Conclusion and implications. 
650 |a An Investigation into Simile in Idioms a Contrastive Analysis Between English and Vietnamese, LINGUISTIC, Nguyễn Thị Lệ Thu, 2004 
700 |a Dinh Thi Minh Hien  |b Ph.D  |c huong dan 
852 |c Luận văn Thạc sĩ 
OWN |a LNN 
AVA |a UDN50  |b LNN  |c English  |d 420.4 NG-T  |e available  |t Error 5001 Not defined in file expand_doc_bib_avail.  |f 2  |g 0  |h N  |i 0  |j AN 
999 |a From the UDN01 
AVA |a UDN50  |b LNN  |c English  |d 420.4 NG-T  |e available  |t Error 5001 Not defined in file expand_doc_bib_avail.  |f 2  |g 0  |h N  |i 0  |j AN 
TYP |a Dissertation 
TYP |a Printed language 
980 |a Mạng thư viện Đại học Đà Nẵng